01050nam a2200265Ia 450000500170000000800270001702000180004408200180006210000210008024501640010125000180026530000410028353400430032465000780036765000620044565000410050770000580054894200120060626400280061833600270064633700330067333800280070604000350073499900150076920220317000318.0141031s9999 ck 000 0 spa d a978607050064004a629.26bP17m11 aParks, Dennis W.10aManual de reparación de carrocerías y pintura automotriz cDennis W. Parks ; con la colaboración en la traducción de Fernando Roberto Pérez Vásquez a1a. edición a192 páginasbfotografíasc27 cm. tThe complete guide to auto body repair142LEMBaCarrocería de automovilesxMantenimiento y reparaciónvManuales142LEMBaAutomovilesxMantenimiento y reparaciónvManuales142LEMBaAutomovilesxPinturavManuales1 aPérez Vásquez, Fernando Robertoetraductor919098 2ddccBK aMéxico bLimusac2009 atextobtxt2rdacontent asin mediaciónbn2rdamedia avolumenbnc2rdacarrier aCO-BoRNBPbspaerdacCO-BoRNBP c3694d3694